000
00227 a2200109 4500
020
_a
9798890630582
041
_a
spa
100
_a
Gharehbaghi, Masaud
245
_a
Todos los helados del mundo
942
_c
BK
999
_c
29931
_d
29929
999
_d
29929